000 00430nam a2200157Ia 4500
003 LK-CoDNM
008 010623t1944 xxu||||| |||| 00| 1 eng d
040 _aLK-CoDNM
_dLK-CoDNM
_eLK-CoDNM
041 _aeng
100 _aMoberly,Walter
245 _aPlato's Conception of Education it's Meaning for Today
260 _bAssociation Oxford University Press
_c1944
300 _b32P., 15 cm
650 _aPresident
942 _cBK
999 _c100356
_d100356